LIBRARY & INFORMATION CENTRE, KCAET, TAVANUR

ONLINE PUBLIC ACCESS CATALOGUE (OPAC)

Fabrication and testing of vanilla extractor (Record no. 15018)

MARC details
000 -LEADER
fixed length control field 00619nam a22001817a 4500
003 - CONTROL NUMBER IDENTIFIER
control field OSt
088 ## - REPORT NUMBER
Report number P 184
100 ## - MAIN ENTRY--AUTHOR NAME
Personal name DIVYA E
-- NITHYA N. S
-- PARVATHI S
245 ## - TITLE STATEMENT
Title Fabrication and testing of vanilla extractor
260 ## - PUBLICATION, DISTRIBUTION, ETC. (IMPRINT)
Place of publication Tavanur 2008
Name of publisher Kelappaji College of Agricultural Engineering and Technology
300 ## - PHYSICAL DESCRIPTION
Number of Pages 80
500 ## - GENERAL NOTE
General note Fabrication and testing of vanilla extractor
520 ## - SUMMARY, ETC.
Summary, etc Fabrication and testing of vanilla extractor
700 ## - ADDED ENTRY--PERSONAL NAME
Personal name Er. Prince M. V (Guide)
856 ## - ELECTRONIC LOCATION AND ACCESS
Uniform Resource Identifier https://drive.google.com/open?id=1gZN7YvAGxsgD82TAED0H20SuPIb6gbNR
942 ## - ADDED ENTRY ELEMENTS (KOHA)
Koha item type Project Report
Holdings
Collection code Home library Current library Shelving location Full call number Accession Number Koha item type
Reference KAUAET KAUAET Reference 631.56 DIV/FA P 184 Project Report
free website counter